000 00331nam a2200133Ia 4500
008 191201s2009 xx 000 0 und d
100 _aBHALLA, V K
245 0 _aWorking Capital Management Text and Cases
250 _a10th Rep.
260 _aN.Delhi
_bAnmol Publication
_c2009
300 _a948
650 _aMBA
942 _2ddc
_cBK
999 _c3588
_d3588